Dictionary of education/ (Record no. 158234)

MARC details
000 -LEADER
fixed length control field 00578nam a22001937a 4500
005 - DATE AND TIME OF LATEST TRANSACTION
control field 20181022172737.0
010 ## - LCCN (DPL NO)
LC control number B-158651
035 ## - SYSTEM CONTROL NUMBER
System control number B-158651
037 ## - SOURCE OF ACQUISITION
Source of stock number/acquisition A.P.H. Publishing Corporation
082 ## - DEWEY DECIMAL CLASSIFICATION NUMBER
Classification number 370.3
245 ## - TITLE STATEMENT
Title Dictionary of education/
Statement of responsibility, etc edited by Ramesh Shukla
250 ## - EDITION STATEMENT
Edition statement 2005
260 ## - PUBLICATION, DISTRIBUTION, ETC. (IMPRINT)
Place of publication, distribution, etc New Delhi
Name of publisher, distributor, etc A.P.H. Publishing Corporation
300 ## - PHYSICAL DESCRIPTION
Extent 246 p.
Other physical details 22 C.m. (HB)
700 ## - ADDED ENTRY--PERSONAL NAME
Personal name Shukla, Ramesh
942 ## - ADDED ENTRY ELEMENTS (KOHA)
Source of classification or shelving scheme Dewey Decimal Classification
Item type English Books
Classification part 370.3
Call number suffix SHU
Holdings
Withdrawn status Lost status Not for loan Collection code Home library Current library Date acquired Full call number Barcode Koha item type
      Non-fiction Sarojini Nagar Sarojini Nagar 22/10/2018 370.3 SHU B-158651 English Books

© Delhi Public Library
Hit Counter
free hit counter